000 00842nam a2200193 u 4500
001 000564600
003 AM-YeHGA
005 20250618073305.0
008 080124s1952 ai | |||||||||||||arm|d
040 _aAM-YeHGA
041 0 _aarm
245 1 0 _aՄանկական աղիքային հիվանդությունները և պայքարը նրանց դեմ /
_cՍ.Գ. Սլկունի; ՀՍՍՌ առողջապահ. մին., Սան. լուս. բաժին.
260 _aԵրևան :
_bՊետհրատ,
_c1952.
300 _a34 էջ ;
_c14 սմ.
650 1 4 _aԱղիքային հիվանդություններ
650 1 4 _aՄանկական հիվանդություններ
_95765
710 2 _aԱռողջապահության մինիստրություն ՀՍՍՌ.
_bՍանիտարական լուսավորության բաժին
090 _c222802
999 _c221270
_d221270